| 000 | 00436pab a2200157 454500 | ||
|---|---|---|---|
| 008 | 180718b2017 xxu||||| |||| 00| 0 eng d | ||
| 100 | _aXu, Chenggang | ||
| 245 | _aCapitalism and socialism: a review of Kornai's dynamism, rivalry, and the surplus economy | ||
| 260 | _c2017 | ||
| 300 | _ap.191-208. | ||
| 362 | _aMar | ||
| 650 | _aSocialism | ||
| 650 | _aCapitalism | ||
| 773 | _aJournal of Economic Literature | ||
| 909 | _a114572 | ||
| 999 |
_c114566 _d114566 |
||